000 00505ntaaa2200193 4500
003 01
005 20251027202219.0
008 0714s1973 ag 01
040 _aAR-BaBN
_bspa
_cAR-BaBN
_eaacr
_dRIC
082 _a268.0000 D51
100 _aDewolf, L. Harold
245 _aTeaching our faith in God
250 _a1 ed.
260 _aNew York :
_bAbingdon Press,
_cc1963
300 _a188 p
500 _aMethods and meaning of christian education
650 _aeducación religiosa
_94601
942 _cBK
999 _c17008
_d17008